书目信息 |
| 题名: |
未成年人自我保护读本:星光青春保护行动
|
|
| 作者: | 北京市未成年人? | |
| 分册: | ||
| 出版信息: | 北京 世界知识出版社 1999.08 |
|
| 页数: | 272页 | |
| 开本: | 32开 | |
| 丛书名: | ||
| 单 册: | ||
| 中图分类: | D922.183 | |
| 科图分类: | ||
| 主题词: | 法律--中国 | |
| 电子资源: | ||
| ISBN: | 7-5012-1209-0 | |
| 000 | 00763nam0 2200205 45 | |
| 001 | 0007301109 | |
| 005 | 20000730114822.8 | |
| 010 | @a7-5012-1209-0@d15.60元 | |
| 100 | @a20000730d1999 km y0chiy0120 ea | |
| 101 | 0 | @achi |
| 105 | @a z 000yy | |
| 200 | 1 | @a未成年人自我保护读本:星光青春保护行动@AWei Cheng Nian Ren Zi Wo Bao Hu Du Ben:Xing Guang Qing Chun Bao Hu Xing Dong@f北京市未成年人保护委员会,共青团北京市委编@FBei Jing Shi Wei Cheng Nian Ren Bao Hu Wei Yuan Hui,Gong Qing Tuan Bei Jing Shi Wei Bian |
| 210 | @a北京@c世界知识出版社@d1999.08 | |
| 215 | @a272页@d32开 | |
| 606 | 0 | @a法律@x中国 |
| 690 | @aD922.183@v3 | |
| 701 | 0 | @a北京市未成年人? |
| 701 | 0 | @睬嗤疟本┦形?4编 |
| 801 | @aCN@bPftUser@c20000730 | |
| 905 | @b83735-737@dD922.183@eZH464@f3 | |
| 未成年人自我保护读本:星光青春保护行动/北京市未成年人保护委员会,共青团北京市委编.-北京:世界知识出版社,1999.08 |
| 272页;32开 |
| ISBN 7-5012-1209-0:15.60元 |
| ● |
| 相关链接 |
|
|
|
正题名:未成年人自我保护读本:星光青春保护行动
索取号:D922.183/ZH464
 
预约/预借
| 序号 | 登录号 | 条形码 | 馆藏地/架位号 | 状态 | 备注 |
| 1 | 83735 | 200837354 | 社科库509/509社科库 86排4列3层/ [索取号:D922.183/ZH464] | 在馆 | |
| 2 | 83736 | 200837363 | 社科库509/509社科库 86排4列3层/ [索取号:D922.183/ZH464] | 在馆 | |
| 3 | 83737 | 200837372 | 社科库509/509社科库 86排4列3层/ [索取号:D922.183/ZH464] | 在馆 |